000 00679pam a2200217 a 4500
001 4871255
005 20180306034030.0
008 921218s1993 nyu b 001 0 eng
010 _a 92046762
020 _a0816029091 (alk. paper)
040 _aDLC
_cDLC
_dDLC
041 _aeng
080 _a291.211
082 0 0 _a291.211 JOR
_220
100 1 _a23
101 _aENC
245 1 0 _aEncyclopedia of gods :
_cMichael Jordan.
906 _a7
_bcbc
_corignew
_d1
_eocip
_f19
_gy-gencatlg
942 _2ddc
_cBK
999 _c44134
_d44134